000 00920ngm a22002770a 4500
001 PT28315
003 AR-LpoUNG
005 20210202000418.0
007 vd cvaizq
008 191001s2000||||ag |||||||||||||||||eng d
037 _c$10
040 _aAR-LpoUNG
_bspa
_cAR-LpoUNG
_eaacr
041 _aeng
044 _aag
082 0 _a305 545mag
100 1 _aAnderson, P. T.
_edir.
245 1 0 _aMagnolia
260 _aSan Luis :
_bAVH,
_c2000.
300 _aDVD (188 min.) : son., col.
520 _aNueve historia paralelas tienen lugar en el Valle de San Fernando. Un niño prodigio, el presentador de un concurso y ex niño prodigio, un moribundo, su hijo perdido, la mujer y el enfermero del moribundo... historias aparentemente independientes con un extraño sentido conjunto.
651 4 _aDOCUMENTOS TEORICOS O METODOLOGICOS
653 _aDVD
653 _aVIDEOS
905 _a28315
942 _cDVD
999 _c54807
_d54807